000 00298 a2200145 4500
001 195027
040 _cMagnum
100 _aSILVA, Elton John Santos
240 1 0 _aCoronavírus
_lpor
245 1 0 _aCoronavírus
300 _a19
362 0 _a2021
697 _aLITERATURA INFANTIL
942 _cBK
999 _c195027
_d195027